[Event "Gradiste op 3rd"]
[Site "Gradiste"]
[Date "2023.08.07"]
[Round "2"]
[White "Krpan, Vlatko"]
[Black "Mesic, Ismet"]
[Result "0-1"]
[WhiteElo "1729"]
[BlackElo "2236"]
[PlyCount "70"]
[EventDate "2023.08.06"]
[EventType "swiss"]
[EventRounds "9"]
[EventCountry "CRO"]
[SourceTitle "EXT 2024"]
[Source "ChessBase"]
[SourceDate "2023.10.10"]
[SourceVersion "1"]
[SourceVersionDate "2023.10.10"]
[SourceQuality "1"]

1. d4 Nf6 2. c4 e6 3. Nc3 Bb4 4. a3 Bxc3+ 5. bxc3 h6 6. Qc2 0-0 7. Nf3 d6 8. e4 b6 9. Bd3 Bb7 10. 0-0 c5 11. h3 Nc6 12. a4 Na5 13. Nd2 Ba6 14. Qd1 Rc8 15. Qe2 Re8 16. f4 cxd4 17. cxd4 e5 18. fxe5 dxe5 19. d5 Nd7 20. Ba3 Nc5 21. Bxc5 Rxc5 22. Rab1 Qd7 23. Ra1 Rec8 24. Rfc1 R5c7 25. Rc3 Qd6 26. c5 Rxc5 27. Bxa6 Rxc3 28. Bxc8 Rxc8 29. Nf3 Nb7 30. Qa6 Qb8 31. Rd1 f6 32. Qb5 Qc7 33. Kh2 Nd6 34. Qb3 Qc4 35. Qxc4 Rxc4 0-1